[Event "Pescia op-B 4th"]
[Site "Pescia"]
[Date "2011.09.17"]
[Round "3"]
[White "Avanzi, Gioni"]
[Black "Monatti, Patrizio"]
[Result "1-0"]
[WhiteElo "1658"]
[BlackElo "1502"]
[PlyCount "97"]
[EventDate "2011.09.16"]
[EventType "swiss"]
[EventRounds "5"]
[EventCountry "ITA"]
[SourceTitle "EXT 2015"]
[Source "ChessBase"]
[SourceDate "2014.11.20"]
[SourceVersion "1"]
[SourceVersionDate "2014.11.20"]
[SourceQuality "1"]

1. d4 e6 2. c4 c6 3. Nc3 d5 4. e3 Nf6 5. Bd2 Bb4 6. a3 Bxc3 7. Bxc3 0-0 8. Nf3 Nbd7 9. cxd5 cxd5 10. Bd3 Nb6 11. Ba5 Bd7 12. 0-0 h6 13. Rc1 Rc8 14. Qe2 Bc6 15. Ne5 Nfd7 16. Nxc6 Rxc6 17. Rxc6 bxc6 18. Rc1 Qa8 19. Bb4 Re8 20. Qc2 Nb8 21. Bd6 N6d7 22. Qa4 Qb7 23. Qb4 Qxb4 24. Bxb4 e5 25. Bd6 exd4 26. exd4 Re6 27. Bg3 g6 28. Kf1 a5 29. Re1 Rxe1+ 30. Kxe1 f5 31. Bd6 Kf7 32. Bc7 a4 33. Bc2 Na6 34. Ba5 c5 35. Bxa4 cxd4 36. Bxd7 Nc5 37. Bc6 Ke6 38. Bd2 Nd3+ 39. Kf1 g5 40. b4 Nb2 41. b5 Nc4 42. Ke2 Kd6 43. a4 Kc5 44. a5 d3+ 45. Kxd3 Ne5+ 46. Ke2 d4 47. a6 Kb6 48. f4 d3+ 49. Kd1 1-0